| 000 | 00701nam a2200205Ia 4500 | ||
|---|---|---|---|
| 008 | 130821s1966 xxu gr eng | ||
| 020 | _a9780312280864 | ||
| 040 |
_aCo-BoUCM _bspa |
||
| 041 | 0 | 0 | _aeng |
| 100 | 1 |
_aSontag, Susan _d1933-2004. _928954 |
|
| 245 | 1 | 0 |
_aAgainst interpretation and other essays _cSusan Sontag |
| 260 |
_aNueva York (Estados Unidos) _bFarrar, Straus & Giroux _c1966 |
||
| 300 | _a312 páginas | ||
| 650 | 0 | 4 |
_aCrítica literaria _912204 |
| 650 | 0 | 4 |
_aLiteratura moderna _918709 |
| 650 | 0 | 4 |
_aLiteratura moderna _ySiglo XX _xHistoria y crítica _918709 |
| 650 | 0 | 4 |
_aLiteratura _918599 |
| 942 |
_cLIBRO _a18 _e1 _mS699a _2DEWEY _h809.04 |
||
| 999 |
_c59260 _d59260 |
||